000 01195cam a22003377i 4500
999 _c29163
_d29134
001 18109072
003 EG-ScBUE
005 20210608103535.0
007 co ugu||||||||
008 140409s2009 ii f 000 0 eng d
020 _a8188458988
020 _a9788188458981
035 _a(OCoLC)ocn826443189
040 _aCDX
_beng
_erda
_cCDX
_dOCLCO
_dCUI
_dBTCTA
_dOCLCQ
_dUKMGB
_dOCLCF
_dDLC
_dEG-ScBUE
082 0 4 _a005.453
_bSHA
_222
100 1 _aSharma, Gajendra,
_eauthor.
245 1 0 _aCompiler design /
_cby Gajendra Sharma, Sr. lrcturer (IILM Academy of Higher Learning) greater noida.
250 _aReprinted edition.
264 1 _aDelhi :
_bS.K. Kataria & Sons,
_c2009
300 _a289 pages ;
_c24 cm
336 _atext
_btxt
_2rdacontent
337 _aunmediated
_bn
_2rdamedia
338 _avolume
_bnc
_2rdacarrier
538 _aSystem requirements for accompanying disc: Computer workstation and CD-ROM drive.
650 7 _aCompilers (Computer programs)
_2BUEsh
653 _bCOMSCI
_cJune2021
655 _vReading book
_934232
906 _a7
_bcbc
_ccopycat
_d2
_encip
_f20
_gy-gencatlg
942 _2ddc
_cBB